[Event "SEMI 8-Eclipse 11 email"]
[Site "SEMI email"]
[Date "2001.02.20"]
[Round "?"]
[White "Olivieri, Luigi"]
[Black "Sorroche Lupion, Francisco"]
[Result "0-1"]
[WhiteElo "2183"]
[BlackElo "2119"]
[PlyCount "28"]
[EventDate "2001.??.??"]
[EventType "team-match (corr)"]
[EventRounds "2"]
[EventCountry "ITA"]
[SourceTitle "Corr 2004"]
[Source "ChessBase"]
[SourceDate "2003.04.28"]
[SourceVersion "3"]
[SourceVersionDate "2003.04.28"]
[SourceQuality "1"]
[WhiteTeam "SEMI-8"]
[BlackTeam "Eclipse-11"]
[WhiteTeamCountry "ITA"]

1. d4 Nf6 2. c4 e6 3. Nc3 Bb4 4. Qc2 c5 5. dxc5 0-0 6. a3 Bxc5 7. Nf3 Nc6 8. Bf4 d5 9. Rd1 d4 10. e3 Re8 11. b4 e5 12. Nxe5 Nxe5 13. bxc5 Bg4 14. Rd2 dxc3 0-1

[Event "SEMI KG Kieseritsky (3) email"]
[Site "SEMI email"]
[Date "2000.04.25"]
[Round "?"]
[White "Olivieri, Luigi"]
[Black "Marcotulli, Giancarlo"]
[Result "1-0"]
[WhiteElo "2190"]
[BlackElo "1704"]
[PlyCount "51"]
[EventDate "2000.04.25"]
[EventType "tourn (corr)"]
[EventRounds "4"]
[EventCountry "ITA"]
[SourceTitle "Corr 2008"]
[Source "ChessBase"]
[SourceDate "2008.06.24"]
[SourceVersion "1"]
[SourceVersionDate "2008.06.24"]
[SourceQuality "1"]

1. e4 e5 2. f4 exf4 3. Nf3 g5 4. h4 g4 5. Ne5 Nf6 6. d4 d5 7. Bxf4 Nxe4 8. Nd2 Nxd2 9. Qxd2 f6 10. 0-0-0 fxe5 11. Bxe5 Rg8 12. Bd3 Qe7 13. Rde1 Be6 14. Rhf1 Kd7 15. Bf6 Qb4 16. Qe3 Bf7 17. Bxh7 Kc6 18. Bxg8 Bxg8 19. Qe8+ Kb6 20. Bg5 Bd6 21. Qxg8 Qc4 22. Kb1 Bg3 23. b3 Qb5 24. a4 Qb4 25. Re6+ Bd6 26. h5 1-0

[Event "SEMI King's Indian E93 email"]
[Site "SEMI email"]
[Date "2000.02.20"]
[Round "?"]
[White "Ferrari, Cristiano"]
[Black "Olivieri, Luigi"]
[Result "1/2-1/2"]
[WhiteElo "1700"]
[BlackElo "1600"]
[PlyCount "68"]
[EventDate "2000.02.20"]
[EventType "tourn (corr)"]
[EventRounds "10"]
[EventCountry "ITA"]
[SourceTitle "Corr 2008"]
[Source "ChessBase"]
[SourceDate "2008.06.24"]
[SourceVersion "1"]
[SourceVersionDate "2008.06.24"]
[SourceQuality "1"]

1. d4 Nf6 2. c4 g6 3. Nc3 Bg7 4. e4 d6 5. Nf3 0-0 6. Be2 e5 7. d5 Nbd7 8. Bg5 h6 9. Bd2 Nc5 10. Qc1 Ncxe4 11. Nxe4 Nxe4 12. Bxh6 c6 13. Bxg7 Qa5+ 14. Nd2 Kxg7 15. dxc6 bxc6 16. a3 Qxd2+ 17. Qxd2 Nxd2 18. Kxd2 d5 19. cxd5 Rd8 20. d6 Rxd6+ 21. Kc3 Be6 22. Rhd1 Bd5 23. Rd2 g5 24. h3 Kf6 25. f3 a5 26. Rh1 Rh8 27. b3 Ke6 28. Rhd1 Rb8 29. Bc4 f5 30. Rh1 Bxc4 31. Rxd6+ Kxd6 32. Kxc4 Rb5 33. h4 Rc5+ 34. Kd3 Rd5+ 1/2-1/2

[Event "SEMI Orthodox Defence theme email"]
[Site "SEMI email"]
[Date "2000.02.20"]
[Round "?"]
[White "Ferrari, Cristiano"]
[Black "Olivieri, Luigi"]
[Result "1/2-1/2"]
[WhiteElo "1700"]
[BlackElo "1600"]
[PlyCount "93"]
[EventDate "2000.02.20"]
[EventType "tourn (corr)"]
[EventRounds "9"]
[EventCountry "ITA"]
[SourceTitle "Corr 2008"]
[Source "ChessBase"]
[SourceDate "2008.06.24"]
[SourceVersion "1"]
[SourceVersionDate "2008.06.24"]
[SourceQuality "1"]

1. d4 d5 2. c4 e6 3. Nc3 Nf6 4. Bg5 Be7 5. e3 0-0 6. Nf3 Nbd7 7. Rc1 c6 8. a3 Ne4 9. Bf4 Bd6 10. Bg3 Qe7 11. Bd3 Nxc3 12. Rxc3 h6 13. Bh4 Qe8 14. 0-0 f6 15. Rc1 Qh5 16. Qc2 dxc4 17. Bxc4 Nb6 18. Be2 Qe8 19. Bd3 Qd7 20. Bg3 Bxg3 21. fxg3 Qd6 22. Qb3 Qd5 23. Qc3 Bd7 24. Qb4 Qh5 25. a4 Rac8 26. Rc5 Qe8 27. a5 Nd5 28. Qxb7 Rb8 29. Qa6 Bc8 30. Qxa7 Rb7 31. Qa6 Nxe3 32. Bh7+ Kxh7 33. Qd3+ Nf5 34. g4 Rxb2 35. gxf5 exf5 36. Re1 Qg6 37. Rc2 Rb5 38. Rc5 Ba6 39. Qc2 f4 40. Qd2 Rxc5 41. dxc5 Rb8 42. Nd4 Re8 43. Rxe8 Qxe8 44. h3 Qe5 45. Qc3 f3 46. Qc2+ g6 47. Nxf3 1/2-1/2

[Event "SEMI King's Indian E93 email"]
[Site "SEMI email"]
[Date "2000.02.20"]
[Round "?"]
[White "Olivieri, Luigi"]
[Black "Capoccia, Angelo Antonio"]
[Result "1/2-1/2"]
[WhiteElo "1600"]
[BlackElo "2050"]
[PlyCount "71"]
[EventDate "2000.02.20"]
[EventType "tourn (corr)"]
[EventRounds "10"]
[EventCountry "ITA"]
[SourceTitle "Corr 2008"]
[Source "ChessBase"]
[SourceDate "2008.06.24"]
[SourceVersion "1"]
[SourceVersionDate "2008.06.24"]
[SourceQuality "1"]

1. d4 Nf6 2. c4 g6 3. Nc3 Bg7 4. e4 d6 5. Nf3 0-0 6. Be2 e5 7. d5 Nbd7 8. Bg5 h6 9. Bd2 Nc5 10. Qb1 a5 11. Qc1 Kh7 12. Qb1 Nh5 13. g3 f5 14. Nh4 Nf4 15. exf5 gxf5 16. Bf1 Qf6 17. Be3 b6 18. Qc2 Bd7 19. 0-0-0 Ng6 20. Nxg6 Qxg6 21. h3 a4 22. g4 fxg4 23. Qxg6+ Kxg6 24. hxg4 a3 25. b4 Na4 26. Ne4 Nb2 27. Re1 Bxg4 28. Rg1 h5 29. Be2 Kf7 30. f3 Bf5 31. Rg5 Bg6 32. Rg3 Rh8 33. Rf1 h4 34. Rg4 Bf5 35. Rg5 Bh7 36. Rg4 1/2-1/2

[Event "SEMI King's Indian E99 email"]
[Site "SEMI email"]
[Date "2000.02.20"]
[Round "?"]
[White "Olivieri, Luigi"]
[Black "Capoccia, Angelo Antonio"]
[Result "0-1"]
[WhiteElo "1600"]
[BlackElo "2050"]
[PlyCount "66"]
[EventDate "2000.02.20"]
[EventType "tourn (corr)"]
[EventRounds "6"]
[EventCountry "ITA"]
[SourceTitle "Corr 2008"]
[Source "ChessBase"]
[SourceDate "2008.06.24"]
[SourceVersion "1"]
[SourceVersionDate "2008.06.24"]
[SourceQuality "1"]

1. d4 Nf6 2. c4 g6 3. Nc3 Bg7 4. e4 d6 5. Nf3 0-0 6. Be2 e5 7. 0-0 Nc6 8. d5 Ne7 9. Ne1 Nd7 10. f3 f5 11. Be3 f4 12. Bf2 g5 13. Nd3 Nf6 14. c5 Ng6 15. cxd6 cxd6 16. Rc1 Rf7 17. Qd2 Bd7 18. Rc2 h5 19. b4 g4 20. Rfc1 h4 21. Kh1 g3 22. Bg1 gxh2 23. Bxh2 Nh5 24. Bd1 Ng3+ 25. Kg1 Qg5 26. a4 Bf6 27. Nf2 Rh7 28. a5 Kf7 29. Qd3 h3 30. Ng4 Be7 31. Nb5 Rah8 32. Nc7 Bxg4 33. fxg4 hxg2 0-1

[Event "SEMI Orthodox Defence theme email"]
[Site "SEMI email"]
[Date "2000.02.20"]
[Round "?"]
[White "Rebaudo, Nino"]
[Black "Olivieri, Luigi"]
[Result "1/2-1/2"]
[WhiteElo "1853"]
[BlackElo "1600"]
[PlyCount "81"]
[EventDate "2000.02.20"]
[EventType "tourn (corr)"]
[EventRounds "9"]
[EventCountry "ITA"]
[SourceTitle "Corr 2008"]
[Source "ChessBase"]
[SourceDate "2008.06.24"]
[SourceVersion "1"]
[SourceVersionDate "2008.06.24"]
[SourceQuality "1"]

1. d4 d5 2. c4 e6 3. Nc3 Nf6 4. Bg5 Be7 5. e3 0-0 6. Nf3 Nbd7 7. Rc1 dxc4 8. Bxc4 a6 9. 0-0 b5 10. Bd3 h6 11. Bxf6 Nxf6 12. a4 b4 13. Ne4 Bb7 14. Nc5 Bxc5 15. Rxc5 Nd7 16. Rc4 c5 17. Bb1 Bd5 18. Rc1 Qe7 19. Qd3 f5 20. Qe2 Qd6 21. Rfd1 Rfc8 22. e4 fxe4 23. Bxe4 cxd4 24. Bxd5 Qxd5 25. Rxc8+ Rxc8 26. Nxd4 Nc5 27. Nc2 Qb3 28. Nd4 Qxa4 29. Nxe6 Qe8 30. Nf4 Qxe2 31. Nxe2 Nb3 32. Nf4 Rc2 33. Nd3 a5 34. h3 g5 35. Kh2 h5 36. Kg3 Nd2 37. h4 Ne4+ 38. Kf3 Nd2+ 39. Kg3 Ne4+ 40. Kf3 Nd2+ 41. Kg3 1/2-1/2

[Event "IECC Team FBIM email"]
[Site "UECC email"]
[Date "2000.??.??"]
[Round "9.16"]
[White "Olivieri, Luigi"]
[Black "Meyer, Thomas"]
[Result "1-0"]
[WhiteElo "1957"]
[BlackElo "2225"]
[PlyCount "37"]
[EventDate "2000.03.??"]
[EventType "team (corr)"]
[EventRounds "10"]
[SourceTitle "Corr 2002"]
[Source "ChessBase"]
[SourceDate "2002.05.23"]
[SourceVersion "1"]
[SourceVersionDate "2002.05.23"]
[SourceQuality "1"]

1. d4 Nf6 2. c4 g6 3. Nc3 d5 4. cxd5 Nxd5 5. e4 Nxc3 6. bxc3 Bg7 7. Be3 0-0 8. Qd2 c5 9. Nf3 Qc7 10. Rb1 Rd8 11. Bf4 Qd7 12. d5 b6 13. Bb5 Qg4 14. h3 Qxg2 15. Ke2 Bg4 16. hxg4 Qxg4 17. Rbg1 Qc8 18. Be5 f6 19. Qf4 1-0

[Event "SEMI Perenyi Attack theme-4 corr"]
[Site "SEMI email"]
[Date "2000.??.??"]
[Round "?"]
[White "Prado, Mauricio"]
[Black "Olivieri, Luigi"]
[Result "1/2-1/2"]
[WhiteElo "1931"]
[BlackElo "1600"]
[PlyCount "87"]
[EventDate "2000.02.15"]
[EventType "tourn (corr)"]
[EventRounds "6"]
[EventCountry "ITA"]
[SourceTitle "Corr 2008"]
[Source "ChessBase"]
[SourceDate "2008.06.24"]
[SourceVersion "1"]
[SourceVersionDate "2008.06.24"]
[SourceQuality "1"]

1. e4 c5 2. Nf3 d6 3. d4 cxd4 4. Nxd4 Nf6 5. Nc3 a6 6. Be3 e6 7. g4 e5 8. Nf5 g6 9. g5 gxf5 10. exf5 d5 11. gxf6 d4 12. Bc4 Qc7 13. Qd3 dxe3 14. fxe3 Nd7 15. Bxf7+ Kxf7 16. Qd5+ Ke8 17. f7+ Kd8 18. Rg1 Qc5 19. 0-0-0 Qxd5 20. Nxd5 h5 21. Nb6 Ke7 22. Nxa8 Kxf7 23. e4 Bh6+ 24. Kb1 Bf4 25. Rg6 Bxh2 26. Rdd6 Bf4 27. Nc7 h4 28. Ne6 h3 29. Rg7+ Kf6 30. Rg6+ Ke7 31. Rd1 Nf8 32. Nxf4 exf4 33. Rg4 f3 34. Rg3 f2 35. Rf3 Rh4 36. Rxf2 Rxe4 37. Rf3 Re2 38. Rxh3 Bxf5 39. Rc3 Ng6 40. Kc1 Ne5 41. Rc7+ Ke6 42. Rd2 Rxd2 43. Kxd2 b5 44. Ra7 1/2-1/2

[Event "IECC Team FBIM email"]
[Site "UECC email"]
[Date "2000.??.??"]
[Round "14.16"]
[White "Segura, Pablo"]
[Black "Olivieri, Luigi"]
[Result "1/2-1/2"]
[WhiteElo "1985"]
[BlackElo "1957"]
[PlyCount "50"]
[EventDate "2000.03.??"]
[EventType "team (corr)"]
[EventRounds "10"]
[SourceTitle "Corr 2002"]
[Source "ChessBase"]
[SourceDate "2002.05.23"]
[SourceVersion "1"]
[SourceVersionDate "2002.05.23"]
[SourceQuality "1"]

1. d4 d5 2. c4 c6 3. Nc3 e6 4. Nf3 dxc4 5. a4 Bb4 6. e3 b5 7. Bd2 a5 8. Ne5 Nf6 9. axb5 Bxc3 10. Bxc3 cxb5 11. Qf3 Qd5 12. Rxa5 Rxa5 13. Bxa5 Qxf3 14. gxf3 Nh5 15. Rg1 f6 16. Ng4 Nc6 17. Bb6 Bb7 18. Bg2 e5 19. dxe5 f5 20. Ke2 Ke7 21. Ra1 Ra8 22. Rxa8 Bxa8 23. h3 g6 24. Bc5+ Ke6 25. Nf6 Nxf6 1/2-1/2

[Event "SEMI Keres Attack theme"]
[Site "SEMI email"]
[Date "1999.??.??"]
[Round "?"]
[White "Bradley, Joseph"]
[Black "Olivieri, Luigi"]
[Result "1-0"]
[WhiteElo "1871"]
[BlackElo "1600"]
[PlyCount "73"]
[EventDate "1999.07.15"]
[EventType "tourn (corr)"]
[EventRounds "6"]
[EventCountry "ITA"]
[SourceTitle "Corr 2008"]
[Source "ChessBase"]
[SourceDate "2008.06.24"]
[SourceVersion "1"]
[SourceVersionDate "2008.06.24"]
[SourceQuality "1"]

1. e4 c5 2. Nf3 d6 3. d4 cxd4 4. Nxd4 Nf6 5. Nc3 e6 6. g4 Be7 7. g5 Nfd7 8. Be3 Nc6 9. Bb5 Nxd4 10. Qxd4 0-0 11. 0-0-0 a6 12. Be2 b5 13. h4 Qa5 14. h5 Bb7 15. h6 e5 16. Qd3 g6 17. Nd5 Bd8 18. Kb1 b4 19. Qb3 Nc5 20. Qc4 Ne6 21. Rhg1 Rc8 22. Qxb4 Qxb4 23. Nxb4 Bxe4 24. Bxa6 Rb8 25. Nd5 Bf3 26. Rd3 Kh8 27. Rg3 Ra8 28. Bb7 Rb8 29. Bc6 Be4 30. Rc3 Ba5 31. Rc4 Bf5 32. Ne7 f6 33. Ba7 Rbd8 34. b4 fxg5 35. bxa5 Rf7 36. Bb6 Rxe7 37. Bxd8 1-0

[Event "SEMI Italia Scacchistica C email"]
[Site "SEMI email"]
[Date "1999.??.??"]
[Round "?"]
[White "Chicco, Giancarlo"]
[Black "Olivieri, Luigi"]
[Result "0-1"]
[WhiteElo "1615"]
[BlackElo "1600"]
[PlyCount "68"]
[EventDate "1999.??.??"]
[EventType "tourn (corr)"]
[EventRounds "10"]
[EventCountry "ITA"]
[SourceTitle "Corr 2008"]
[Source "ChessBase"]
[SourceDate "2008.06.24"]
[SourceVersion "1"]
[SourceVersionDate "2008.06.24"]
[SourceQuality "1"]

1. e4 c5 2. Nc3 Nc6 3. Nge2 e5 4. Nd5 b5 5. Nec3 a6 6. Bxb5 axb5 7. Nxb5 Qg5 8. Ndc7+ Kd8 9. Nxa8 Qxg2 10. Rf1 Qxe4+ 11. Qe2 Qxc2 12. Na3 Qg6 13. f4 Bb7 14. Nb6 Nd4 15. Qxe5 Qxb6 16. Qb8+ Ke7 17. f5 Qa6 18. Rf2 Nf6 19. b3 Ng4 20. Qf4 Nxf2 21. Qxf2 Qf6 22. Rb1 Be4 23. d3 Bxf5 24. Bb2 Kd8 25. Bxd4 cxd4 26. Nc2 Bd6 27. Qg2 Qe5+ 28. Kd1 Bxd3 29. h4 Re8 30. Qg5+ Qxg5 31. hxg5 Bf4 32. Rb2 Re2 33. g6 Rd2+ 34. Ke1 Bxg6 0-1

[Event "Benko Gambit theme email"]
[Site "corr"]
[Date "1999.??.??"]
[Round "?"]
[White "Debiasi, Sergio"]
[Black "Olivieri, Luigi"]
[Result "0-1"]
[WhiteElo "1600"]
[BlackElo "1600"]
[PlyCount "30"]
[EventDate "1999.06.14"]
[EventType "tourn (corr)"]
[EventRounds "8"]
[SourceTitle "Corr 2002"]
[Source "ChessBase"]
[SourceDate "2002.05.23"]
[SourceVersion "1"]
[SourceVersionDate "2002.05.23"]
[SourceQuality "1"]

1. d4 Nf6 2. c4 c5 3. d5 b5 4. cxb5 a6 5. e3 axb5 6. Bxb5 Qa5+ 7. Nc3 Bb7 8. Nf3 Nxd5 9. Ne5 e6 10. Nc4 Qc7 11. 0-0 Nxc3 12. bxc3 Bc6 13. Bxc6 Qxc6 14. Bb2 d5 15. Ne5 Qb7 0-1

[Event "SEMI Italia Scacchistica C email"]
[Site "SEMI email"]
[Date "1999.??.??"]
[Round "?"]
[White "Ferrari, Cristiano"]
[Black "Olivieri, Luigi"]
[Result "1/2-1/2"]
[WhiteElo "1630"]
[BlackElo "1600"]
[PlyCount "98"]
[EventDate "1999.??.??"]
[EventType "tourn (corr)"]
[EventRounds "10"]
[EventCountry "ITA"]
[SourceTitle "Corr 2008"]
[Source "ChessBase"]
[SourceDate "2008.06.24"]
[SourceVersion "1"]
[SourceVersionDate "2008.06.24"]
[SourceQuality "1"]

1. d4 d5 2. c4 c6 3. Nf3 Nf6 4. Nc3 a6 5. a4 e6 6. Bg5 Nbd7 7. e3 Be7 8. Bd3 0-0 9. 0-0 dxc4 10. Bxc4 c5 11. dxc5 Bxc5 12. Qc2 Qc7 13. Ne4 Nxe4 14. Qxe4 Qc6 15. Qxc6 bxc6 16. Rfd1 Re8 17. Rac1 f6 18. Bf4 Kf8 19. Bd6+ Bxd6 20. Rxd6 Nb8 21. Nd4 Ke7 22. Rxe6+ Bxe6 23. Nxe6 Ra7 24. Nxg7 Rd8 25. Nf5+ Kf8 26. Nd4 Rd6 27. Bd3 Rb7 28. b3 Ke8 29. h4 Kd8 30. g4 h6 31. Kf1 Rbd7 32. Be4 Kc7 33. b4 Rxd4 34. exd4 Rxd4 35. Bxc6 Nxc6 36. b5 Kd7 37. Rxc6 axb5 38. axb5 Rxg4 39. Rxf6 Rxh4 40. Kg2 Ke7 41. Rf5 Rb4 42. Kg3 Ke6 43. Rc5 Rb1 44. f4 Rh1 45. b6 Rb1 46. Rh5 Kf6 47. Rxh6+ Kf5 48. Kf2 Kxf4 49. Ke2 Ke4 1/2-1/2

[Event "SEMI Italia Scacchistica C email"]
[Site "SEMI email"]
[Date "1999.??.??"]
[Round "?"]
[White "Melino, Gianluca"]
[Black "Olivieri, Luigi"]
[Result "0-1"]
[WhiteElo "1549"]
[BlackElo "1600"]
[PlyCount "58"]
[EventDate "1999.??.??"]
[EventType "tourn (corr)"]
[EventRounds "10"]
[EventCountry "ITA"]
[SourceTitle "Corr 2008"]
[Source "ChessBase"]
[SourceDate "2008.06.24"]
[SourceVersion "1"]
[SourceVersionDate "2008.06.24"]
[SourceQuality "1"]

1. d4 d5 2. e4 dxe4 3. Nc3 Nf6 4. f3 exf3 5. Nxf3 Bg4 6. h3 Bh5 7. g4 Bg6 8. Ne5 c6 9. Bg2 e6 10. 0-0 Bd6 11. Bg5 Nbd7 12. Qe2 Bxe5 13. dxe5 Qb6+ 14. Be3 Qxb2 15. exf6 Qxc3 16. fxg7 Rg8 17. Rab1 0-0-0 18. Bxa7 Rxg7 19. Rf2 e5 20. Be3 f6 21. Rb3 Qa5 22. c3 Nc5 23. Rb4 Bd3 24. Qf3 Rd6 25. a3 Rgd7 26. Bf1 Bxf1 27. Rxf1 Rd3 28. Qe2 Rxc3 29. Rxf6 Qxa3 0-1

[Event "SEMI Italia Scacchistica C email"]
[Site "SEMI email"]
[Date "1999.??.??"]
[Round "?"]
[White "Olivieri, Luigi"]
[Black "Esposito, Francesco"]
[Result "1-0"]
[WhiteElo "1600"]
[BlackElo "1500"]
[PlyCount "37"]
[EventDate "1999.??.??"]
[EventType "tourn (corr)"]
[EventRounds "10"]
[EventCountry "ITA"]
[SourceTitle "Corr 2008"]
[Source "ChessBase"]
[SourceDate "2008.06.24"]
[SourceVersion "1"]
[SourceVersionDate "2008.06.24"]
[SourceQuality "1"]

1. d4 Nf6 2. c4 e6 3. Nc3 Bb4 4. Qc2 d5 5. cxd5 Nxd5 6. e4 Nxc3 7. bxc3 Ba5 8. Nf3 Nd7 9. Bd3 0-0 10. 0-0 Re8 11. e5 h6 12. Re1 c5 13. Re4 f5 14. exf6 Nxf6 15. Re2 cxd4 16. cxd4 Bd7 17. Bg6 Rf8 18. Ba3 Qc8 19. Bxf8 1-0

[Event "SEMI Italia Scacchistica C email"]
[Site "SEMI email"]
[Date "1999.??.??"]
[Round "?"]
[White "Olivieri, Luigi"]
[Black "Fantoni, Franco"]
[Result "1-0"]
[WhiteElo "1600"]
[BlackElo "1511"]
[PlyCount "75"]
[EventDate "1999.??.??"]
[EventType "tourn (corr)"]
[EventRounds "10"]
[EventCountry "ITA"]
[SourceTitle "Corr 2008"]
[Source "ChessBase"]
[SourceDate "2008.06.24"]
[SourceVersion "1"]
[SourceVersionDate "2008.06.24"]
[SourceQuality "1"]

1. e4 e5 2. Nf3 Nf6 3. Nxe5 Nxe4 4. Qe2 d5 5. d3 Qe7 6. dxe4 Qxe5 7. exd5 Bd6 8. Qxe5+ Bxe5 9. Bd3 0-0 10. 0-0 Re8 11. Nd2 Nd7 12. Nf3 Bf6 13. Ng5 h6 14. Ne4 Bd4 15. c3 Bb6 16. Bc2 Nc5 17. Nxc5 Bxc5 18. Rb1 Re2 19. Bd3 Re7 20. Bf4 g5 21. b4 Bb6 22. Bg3 f5 23. a4 f4 24. Bxf4 gxf4 25. a5 Bg4 26. axb6 axb6 27. Ra1 Rd8 28. Rfe1 Rxe1+ 29. Rxe1 c6 30. h3 Bh5 31. dxc6 bxc6 32. Bc4+ Bf7 33. Re4 Rd1+ 34. Kh2 Bxc4 35. Rxc4 Rd6 36. Rxf4 Rd2 37. Rf6 Kg7 38. Rxc6 1-0

[Event "SEMI Keres Attack theme"]
[Site "SEMI email"]
[Date "1999.??.??"]
[Round "?"]
[White "Olivieri, Luigi"]
[Black "Prado, Mauricio"]
[Result "1-0"]
[WhiteElo "1600"]
[BlackElo "1700"]
[PlyCount "51"]
[EventDate "1999.07.15"]
[EventType "tourn (corr)"]
[EventRounds "6"]
[EventCountry "ITA"]
[SourceTitle "Corr 2008"]
[Source "ChessBase"]
[SourceDate "2008.06.24"]
[SourceVersion "1"]
[SourceVersionDate "2008.06.24"]
[SourceQuality "1"]

1. e4 c5 2. Nf3 d6 3. d4 cxd4 4. Nxd4 Nf6 5. Nc3 e6 6. g4 h6 7. Rg1 Nc6 8. h4 d5 9. exd5 Nxd5 10. Nxd5 Qxd5 11. Bg2 Qe5+ 12. Be3 Qh2 13. Nf3 Qc7 14. c3 e5 15. Qa4 Bd7 16. Qe4 Bd6 17. g5 hxg5 18. Nxg5 Nd8 19. 0-0-0 g6 20. Qd3 Be7 21. h5 Rxh5 22. Nxf7 Nxf7 23. Qxg6 Rh8 24. Bd5 Rf8 25. Bxf7+ Rxf7 26. Qh5 1-0

[Event "Benko Gambit theme email"]
[Site "corr"]
[Date "1999.??.??"]
[Round "?"]
[White "Olivieri, Luigi"]
[Black "Viola, Matteo"]
[Result "1/2-1/2"]
[WhiteElo "1600"]
[BlackElo "1880"]
[PlyCount "72"]
[EventDate "1999.06.14"]
[EventType "tourn (corr)"]
[EventRounds "8"]
[SourceTitle "Corr 2002"]
[Source "ChessBase"]
[SourceDate "2002.05.23"]
[SourceVersion "1"]
[SourceVersionDate "2002.05.23"]
[SourceQuality "1"]

1. d4 Nf6 2. c4 c5 3. d5 b5 4. cxb5 a6 5. f3 axb5 6. e4 Qa5+ 7. Bd2 b4 8. Na3 d6 9. Nc4 Qc7 10. a3 bxa3 11. Rxa3 Rxa3 12. bxa3 g6 13. Bd3 Bg7 14. Ne2 0-0 15. Nf4 Nbd7 16. 0-0 Ba6 17. Qc2 Rb8 18. Ne3 Bh6 19. Bxa6 Bxf4 20. a4 Qa7 21. Bc4 Ne5 22. Kh1 Nxc4 23. Nxc4 Bxd2 24. Nxd2 Rb4 25. Ra1 Qa6 26. a5 Nd7 27. Nf1 Ne5 28. Ne3 c4 29. h3 Rb5 30. Qd2 Rb3 31. Qc1 Rb5 32. f4 Nd3 33. Qxc4 Nc5 34. g4 Rxa5 35. Qxa6 Rxa6 36. Rxa6 Nxa6 1/2-1/2